01569naa a22003137a 4500001001000000003000900010005001700019007000300036008003400039040005400073041000900127072002000136090001800156100001900174111012100193245009500314260004200409500021200451650001500663650001300678650002800691650001700719650001000736773029200746909003601038942001401074999001901088952014801107BR7604180BR-BrBNA20240918173923.0ta230509b bl.||||| |||| 00| 0 por d aBR-BrBNAbporcBiblioteca Nacional de Agricultura a(Pt) aM30; C00b/G514 aM30 BR76041801 aGurgel, J.J.S.1 a1. Encontro Nacional sobre Limnologia, Piscicultura e Pesca ContinentalcBelo Horizonte, MG (Brazil)d15-19 Sep 19751 aPesquisa e ensino da limnologia no Nordeste, especialmente no Ceara [Piscicultura; Brasil]3 aBelo Horizonte, MG (Brasil): c1976.  aVargas, J.I.; Loureiro, C.G.C.; Milward-de-Andrade, R. (eds.) Anais do 1. Encontro Nacional sobre Limnologia, Piscicultura e Pesca Continental Belo Horizonte, MG (Brasil): 1976. p. 191-203 (BR7604180-AM)M30  aLIMNOLOGIA aEDUCACAO aINSTITUICAO DE PESQUISA aPISCICULTURA aCEARA0 tAnais do 1. Encontro Nacional sobre Limnologia, Piscicultura e Pesca ContinentalaVargas, J.I.; Loureiro, C.G.C.; Milward-de-Andrade, R. (eds.). Fundacao Joao Pinheiro, Belo Horizonte, MG (Brasil). Centro de Recursos NaturaiswM30 BR7604180gBelo Horizonte, MG (Brasil), 1976. p. 191-203 a202404bLuciac55dLucia Elande cAM2AGRIS c307700d307700 002AGRIS40708Acervo Gerala41918b41918cAgrobasel0oF01 BR9702881r2024-05-20t01yAM10d2024-04-11ePortaria Interministerial nÂș 164/94